<?xml version="1.0" encoding="UTF-8"?>
<record
    xmlns:xsi="http://www.w3.org/2001/XMLSchema-instance"
    xsi:schemaLocation="http://www.loc.gov/MARC21/slim http://www.loc.gov/standards/marcxml/schema/MARC21slim.xsd"
    xmlns="http://www.loc.gov/MARC21/slim">

  <leader>01262nam a22002297a 4500</leader>
  <controlfield tag="003">OSt</controlfield>
  <controlfield tag="005">20210320120715.0</controlfield>
  <controlfield tag="008">210320s1996    ck ||||gr|||| 00| 0 spa d</controlfield>
  <datafield tag="040" ind1=" " ind2=" ">
    <subfield code="a">CO-JMCR</subfield>
    <subfield code="c">CO-JMCR</subfield>
  </datafield>
  <datafield tag="041" ind1="0" ind2=" ">
    <subfield code="a">spa</subfield>
  </datafield>
  <datafield tag="082" ind1="0" ind2="4">
    <subfield code="a">333.911609861 / </subfield>
    <subfield code="b">C718m</subfield>
    <subfield code="2">23</subfield>
  </datafield>
  <datafield tag="110" ind1="1" ind2=" ">
    <subfield code="a">Colombia.</subfield>
    <subfield code="b">Ministerio del Medio Ambiente</subfield>
    <subfield code="9">10197</subfield>
  </datafield>
  <datafield tag="245" ind1="1" ind2="0">
    <subfield code="a">Memoria t&#xE9;cnica de la Estrategia Nacional del Agua : </subfield>
    <subfield code="b">reflexiones sobre los requerimientos para la administraci&#xF3;n de la oferta h&#xED;drica nacional / </subfield>
    <subfield code="c">Ministerio del Medio Ambiente</subfield>
  </datafield>
  <datafield tag="260" ind1=" " ind2=" ">
    <subfield code="a">Bogot&#xE1; : </subfield>
    <subfield code="b">Ministerio del Medio Ambiente, </subfield>
    <subfield code="c">1996</subfield>
  </datafield>
  <datafield tag="300" ind1=" " ind2=" ">
    <subfield code="a">150 p&#xE1;ginas : </subfield>
    <subfield code="b">ilustraciones a blanco y negro ; </subfield>
    <subfield code="c">28 cm.</subfield>
  </datafield>
  <datafield tag="504" ind1=" " ind2=" ">
    <subfield code="a">Bibliograf&#xED;a: p&#xE1;gina 150</subfield>
  </datafield>
  <datafield tag="505" ind1="0" ind2=" ">
    <subfield code="a">Formulaci&#xF3;n de la estrategia nacional del agua-Ena -- La responsabilidad p&#xFA;blica en el manejo del agua -- Problem&#xE1;tica de la sostenibilidad del agua -- Objetivos de gesti&#xF3;n ambiental del agua -- Instrumentos para la gesti&#xF3;n ambiental del agua -- La concertaci&#xF3;n para la gesti&#xF3;n ambiental del agua -- Relaciones entre actores, procesos y competencias </subfield>
  </datafield>
  <datafield tag="650" ind1=" " ind2=" ">
    <subfield code="a"> Conservaci&#xF3;n del agua</subfield>
    <subfield code="z">Colombia</subfield>
    <subfield code="9">36389</subfield>
  </datafield>
  <datafield tag="650" ind1="2" ind2="4">
    <subfield code="a">Utilizaci&#xF3;n del agua</subfield>
    <subfield code="z">Colombia</subfield>
    <subfield code="9">36390</subfield>
  </datafield>
  <datafield tag="650" ind1="2" ind2="4">
    <subfield code="a">Abastecimiento de agua</subfield>
    <subfield code="z">Colombia</subfield>
    <subfield code="9">36391</subfield>
  </datafield>
  <datafield tag="942" ind1=" " ind2=" ">
    <subfield code="2">ddc</subfield>
    <subfield code="c">BK</subfield>
  </datafield>
  <datafield tag="999" ind1=" " ind2=" ">
    <subfield code="c">15453</subfield>
    <subfield code="d">15453</subfield>
  </datafield>
  <datafield tag="952" ind1=" " ind2=" ">
    <subfield code="0">0</subfield>
    <subfield code="1">0</subfield>
    <subfield code="2">ddc</subfield>
    <subfield code="4">0</subfield>
    <subfield code="7">0</subfield>
    <subfield code="8">NFIC</subfield>
    <subfield code="a">CPL</subfield>
    <subfield code="b">CPL</subfield>
    <subfield code="d">2018-04-15</subfield>
    <subfield code="e">Donaci&#xF3;n</subfield>
    <subfield code="l">1</subfield>
    <subfield code="o">333.911609861 /  C718m</subfield>
    <subfield code="p">201810914</subfield>
    <subfield code="r">2024-05-16 00:00:00</subfield>
    <subfield code="s">2023-08-24</subfield>
    <subfield code="t">Ej.1</subfield>
    <subfield code="w">2021-03-20</subfield>
    <subfield code="y">BK</subfield>
  </datafield>
</record>
